Random Knowledge Quiz #16 - Statistics

General Stats
  • This quiz has been taken 245 times
  • The average score is 7 of 15
Answer Stats
Question Answer % Correct
What's the first name of Pratt, Colfer, Evans, Pine, Hemsworth, and Rock? Chris
91%
According to a proverb, what can't beggars be? Choosers
78%
Instead of water, what does a camel's hump actually store? Fat
74%
And when did the Cold War end? 1991
59%
Finish these lyrics: Near, far, wherever you are / I believe that the heart does... Go on
59%
What was the imaginary boundary dividing Europe into two separate areas from the end of World War II until the end of the Cold War called? The Iron Curtain
57%
What is the world's largest desert? Antarctic Polar Desert
56%
Which iconic character's original design loses its copyright protection in 2024? Mickey Mouse
49%
What kind of doctor was the inventor of cotton candy, William Morrison? A dentist
46%
What is the most littered item in the world? Cigarette butts
39%
Besides Nepal, where can you start on Mount Everest? Tibet
34%
Which two of the aforementioned actors have played father and son? Chris Pine and Chris Hemsworth
16%
What is Oprah's actual first name? Orpah
12%
What are you afraid of if you suffer from ophidiophobia? Snakes
9%
Where can you find the world's oldest zoo that is still in operation? Vienna, Austria
4%
No matching quizzes found
Score Distribution
Percent of People with Each Score
Percentile by Number Answered
Your Score History
You have not taken this quiz